01635nam0a22002173i 4500001002000000003000900020005001700029008004100046010001800087020002900105040002800134082003300162100005700195245008300252260003100335300002000366520089300386630003501279655004801314700005501362IT\ICCU\MIL\0774072IT-MiSPE20250317113023.0250317b |||||||| |||| 00| 0 eng d a9788871529752 a9788871529752c11,50 € aIT-MiSPEbitacIT-MiSPE a227.07-PRO al af (ppv 23378) aPronzato, Alessandro,csacerdote,d1932-2018eautore aAfferrato da Cristo :bPensieri dalle Lettere di Paolo /cAlessandro Pronzato. aMilano :bGribaudo,c2009. a208 p. ;c21 cm aIn occasione dell’anno paolino, Alessandro Pronzato ripercorre le Lettere dell’apostolo che presentano modulazioni e tonalità diverse, inquadrando i pensieri nel contesto della sua vicenda personale e delle sue tematiche di fondo. C’è l’elemento consolatorio, quello esortativo, di incoraggiamento e conforto, sapienziale, amichevole, apologetico, di petizione, addirittura rabbioso. Sono segnalate le ricorrenze nella liturgia della Parola domenicale per facilitare il compito, sia ai predicatori sia ai lettori, di approfondire i singoli testi proclamati in chiesa e non sempre sviluppati – quasi sempre per motivi di tempo – nell’omelia. Come scrive l’Autore: “Pagine per tutti coloro che non hanno perso il gusto di pensare e, magari, di meditare. Un nutrimento solido per la nostra vita spirituale, oggi troppo gracile e minacciata da preoccupante anoressia”. aBibbiavN.T.xLettere di Paolo aBibbiaxPaolo: meditazione e spiritualità 1aPronzato, Alessandro4sacerdoted1932-2018eautore